|
|
|
|
| LEADER |
01106nam a22002897a 4500 |
| 001 |
38991 |
| 003 |
BD-DhAAL |
| 008 |
220622t1982 nyua|||| b||| 001 0 eng d |
| 999 |
|
|
|c 44440
|d 44440
|
| 020 |
|
|
|a 9780387906133
|
| 040 |
|
|
|a BD-DhAAL
|c BD-DhAAL
|
| 082 |
|
|
|a 514.72
|2 23
|
| 100 |
|
|
|a Bott, Raoul
|9 49587
|
| 245 |
|
|
|a Differential forms in algebraic topology /
|c Raoul Bott ; Loring Wuliang Tu.
|
| 260 |
|
|
|a New York :
|b Springer,
|c c1982.
|
| 300 |
|
|
|a xiv, 331 pages :
|b illustrations ;
|c 23 cm.
|
| 490 |
|
|
|a Graduate texts in mathematics ;
|v 82.
|
| 504 |
|
|
|a Includes bibliographical references and index.
|
| 526 |
|
|
|a MNS
|
| 541 |
|
|
|a Book Finder International
|e 38991
|
| 650 |
|
|
|a Differential topology.
|9 49588
|
| 650 |
|
|
|a Algebraic topology.
|9 49589
|
| 650 |
|
|
|a Differential forms.
|9 49590
|
| 700 |
|
|
|a Tu, Loring W
|9 49591
|
| 830 |
|
|
|a Graduate texts in mathematics ; 82.
|9 49592
|
| 942 |
|
|
|2 ddc
|c BK
|
| 952 |
|
|
|0 0
|1 0
|2 ddc
|4 0
|6 514_720000000000000_BOT
|7 0
|9 71067
|a BRACUL
|b BRACUL
|c GEN
|d 2022-06-19
|e Book Finder International
|g 3560.46
|l 0
|o 514.72 BOT
|p 3010038991
|r 2022-06-19
|t 1
|v 3560.46
|w 2022-06-19
|y BK
|